000 01349nam a2200337Ia 4500
001 ebr10171491
003 CaPaEBR
006 m u
007 cr cn|||||||||
008 060710s2007 nyua sb 001 0 eng d
010 _z 2006049325
020 _z0230603335
020 _z1403975272 (alk. paper)
020 _z9781403975270 (alk. paper)
040 _aCaPaEBR
_cCaPaEBR
035 _a(OCoLC)560496137
050 1 4 _aHN766.Z9
_bM683 2007eb
245 0 0 _aValues and perceptions of the Islamic and Middle Eastern publics
_h[electronic resource] /
_cedited by Mansoor Moaddel.
250 _a1st ed.
260 _aNew York :
_bPalgrave Macmillan,
_c2007.
300 _axx, 355 p. :
_bill.
504 _aIncludes bibliographical references and index.
533 _aElectronic reproduction.
_bPalo Alto, Calif. :
_cebrary,
_d2009.
_nAvailable via World Wide Web.
_nAccess may be limited to ebrary affiliated libraries.
650 0 _aSocial values
_zArab countries.
651 0 _aArab countries
_xSocial conditions
_y20th century.
651 0 _aArab countries
_xSocial conditions
_y21st century.
655 7 _aElectronic books.
_2local
700 1 _aMoaddel, Mansoor.
710 2 _aebrary, Inc.
856 4 0 _uhttp://site.ebrary.com/lib/rucke/Doc?id=10171491
_zAn electronic book accessible through the World Wide Web; click to view
999 _c248720
_d248720